000 01322nam a2200313 c 4500
003 BLK
005 20250707181135.0
008 180408b bul|||||r ||||||| ||bul||
020 _a9786192440794
040 _aBLK
041 _aBUL
_cBUL
080 _aАнглийска литература
_b821.111
_x-93-34
_z821.111-93-34
100 1 _aБарбър, Шърли
_eпърви автор
_9367236
139 _aБарбър, Шърли
_bБ 26
245 1 0 _aВ страната на Феите
_cШърли Барбър; ил. Шърли Барбър; прев. Стефан Недков
257 _aGBR
260 _bИнфоДар
_c2023
_9209815
_aСофия
_n978-954-761- ; 954-8485-
300 _a32 с.
_bцв. ил.
_c30 см
380 _aDX
490 _9496483
_aСветулка
500 _aОриг. загл.: Visit to Fairyland / Shirley Barber
700 1 _aБарбър, Шърли
_eил.
_9367236
700 _aНедков, Стефан Недков
_d1956 -
_gИнженер (компютърни технологии). Преводач от английски и руски език.
_eпрев.
_9401250
852 _aЦб ІІ 33489
_bЦб
852 _bД
_c821-93/Б 26 Ш
942 _cKNG
_n0
_s0
_06
944 _c1
_k30564
_lАнна Гръцманова
944 _c2025-01-16
_kМ.Я.
_aED
999 _c498790
_d498790